Living with beautiful (Record no. 121189)

MARC details
000 -LEADER
fixed length control field 01192nam a22002177a 4500
001 - CONTROL NUMBER
control field K121189
008 - FIXED-LENGTH DATA ELEMENTS--GENERAL INFORMATION
fixed length control field 160218b2020 xxu||||| |||| 00| 0 eng d
041 ## - LANGUAGE CODE
Language code of text/sound track or separate title eng
110 ## - MAIN ENTRY--CORPORATE NAME
Corporate author Building Better, Building Beautiful Commission
245 ## - TITLE STATEMENT
Title Living with beautiful
Subtitle Promoting health, well-being and sustainable growth
Statement of responsibility, etc The report of the Building Better Building Beautiful Commission
300 ## - PHYSICAL DESCRIPTION
Physical description 190p
520 ## - ABSTRACT
Abstract Sets out recommendations for a new development and planning framework based on three principles: beauty, refusing ugliness and stewardship. Considers placemaking and the suggested appointment of the Chief Placemaker in every local authority, creating local neighbourhoods, health, well-being and sustainable growth. Appendices includes case studies and glossary of terms..
650 ## - KEYWORDS
Keywords Placemaking
650 ## - KEYWORDS
Keywords SDG3
650 ## - KEYWORDS
Keywords Neighbourhoods
650 ## - KEYWORDS
Keywords Stewardship
651 ## - SUBJECT ADDED ENTRY--GEOGRAPHIC NAME
Geographic name United Kingdom 1973
690 ## - BROAD SUBJECT
9 (RLIN) 6259
Broad subject Planning and development
856 ## - ONLINE RESOURCE
Uniform Resource Identifier <a href="https://assets.publishing.service.gov.uk/government/uploads/system/uploads/attachment_data/file/861832/Living_with_beauty_BBBBC_report.pdf">https://assets.publishing.service.gov.uk/government/uploads/system/uploads/attachment_data/file/861832/Living_with_beauty_BBBBC_report.pdf</a>
Public note View at assets.publishing.service.gov.uk
942 ## - ADDED ENTRY ELEMENTS (KOHA)
Suppress in OPAC Do not suppress in OPAC
Holdings
Lost status Damaged status Not for loan Home library Current library Shelving location Date acquired Total Checkouts Date last seen Price effective from Koha item type
      Virtual Virtual Online 04/02/2020   04/02/2020 04/02/2020 Online material